Pays d'Europe à partir de ville - Statistiques

Statistiques générales
  • Ce quiz a été pris 90 fois
  • Le résultat moyen est 32 sur 45
Statistiques - réponses
Ville Pays % Correct
Monaco Monaco
99%
Nuremberg Allemagne
98%
Andorre-la-Vieille Andorre
94%
Valence France
94%
Saint-Pétersbourg Russie
94%
Cité du Vatican Vatican
94%
Saint-Marin Saint-Marin
93%
Charleroi Belgique
92%
Palerme Italie
92%
Sarajevo Bosnie-Herzégovine
90%
La Valette Malte
90%
Eindhoven Pays-Bas
90%
Leeds Royaume-Uni
90%
Lucerne Suisse
90%
Minsk Biélorussie
88%
Faro Portugal
87%
Vratislavie (Wrocław) Pologne
84%
Gijón Espagne
81%
Vaduz Liechtenstein
79%
Cork Irlande
78%
Lviv Ukraine
78%
Skopje Macédoine du Nord
77%
Podgorica Monténégro
77%
Pristina Kosovo
73%
Esch-sur-Alzette Luxembourg
71%
Cluj-Napoca Roumanie
69%
České Budějovice République tchèque
67%
Ålesund Norvège
66%
Linz Autriche
64%
Kaunas Lituanie
63%
Maribor Slovénie
60%
Odense Danemark
56%
Patras Grèce
55%
Daugavpils Lettonie
53%
Västerås Suède
53%
Rijeka Croatie
51%
Varna Bulgarie
48%
Pécs Hongrie
48%
Kópavogur Islande
48%
Tartu Estonie
45%
Turku Finlande
45%
Nitra Slovaquie
45%
Niš Serbie
44%
Bălți Moldavie
41%
Tekirdağ Turquie
29%
Aucun quiz correspondant
Distribution des résultats
% des personnes avec chaque résultat
Percentile par nombre de réponses
Votre historique - résultats
Vous n’avez pas pris ce quiz